000 00563nam a2200205Ia 4500
003 LK-CoDNM
005 20240802105143.0
008 010623t1938 xxu||||| |||| 00| 1 eng d
040 _aLK-CoDNM
_dLK-CoDNM
_eLK-CoDNM
041 _aeng
080 _a8
_bQQ31
100 _aPoleman,H.I.
245 _aA Census Indic Manuscripts in the United States and Canada
260 _bAmerican Oriental Society
_aNew Haven
_c1938
300 _bxxix, 542p. ; 25 cm
500 _aAmerican Oriental Series,Vol.XII
650 _aRg Veda
650 _aSutra
942 _cBK
999 _c98793
_d98793